00334nam a2200145Ia 4500003000400000005001700004008004100021040000900062082002000071100001800091245003100109260003000140300000800170650001000178OSt20201120093153.0190216s9999||||xx |||||||||||||| ||und|| coclc a894.8123bRAG/V aRaghavan, V N 0aVanchikkad /cV N Raghavan bPoorna Pubs,a Kozhikode: a90p aNovel